Landkreise in Rheinland-Pfalz - Sudden Death - Statistiken

Allgemein
  • Dieses Quiz wurde 141 mal gespielt
  • Das Durchschnittsergebnis liegt bei 7 aus 17
Answers on the Grid
Answers color-coded by a green-red scale on the quiz's grid according to % correct below.
Alzey-Worms
Lahn-Dill-Kreis
Mainz-Bingen
Vulkaneifel
Altenkirchen
Idar-Oberstein
Saarpfalz-Kreis
Südwestpfalz
Nördliche Weinstraße
Rheinland-Pfalz-Kreis
Kaiserslautern
Kirn
Daun
Rhein-Hunsrück-Kreis
Bad Kreuznach
Ahrweiler
Rhein-Sieg-Kreis
Montabaur
Kusel
Bernkastel-Wittlich
Rhein-Lahn-Kreis
Diez
Mayen-Andernach
Neuwied
Vogelsbergkreis
Germersheim
Cochem-Zell
Saarbrücken
Bad Dürkheim
Moselkreis
Trier-Saarburg
Eifelkreis Gerolstein
Pirmasens-Zweibrücken
 
Antwortstatistiken
Antwort % Korrekt
Alzey-Worms
58%
Mainz-Bingen
47%
Bad Dürkheim
45%
Kaiserslautern
45%
Kusel
45%
Vulkaneifel
45%
Bad Kreuznach
44%
Neuwied
42%
Südwestpfalz
42%
Ahrweiler
41%
Bernkastel-Wittlich
41%
Cochem-Zell
41%
Trier-Saarburg
41%
Germersheim
38%
Altenkirchen
36%
Rhein-Hunsrück-Kreis
36%
Rhein-Lahn-Kreis
29%
Keine übereinstimmenden Quizze gefunden
Verteilung der Resultate
Anzahl Personen mit jedem Resultat
Perzentil nach korrekt beantworteten Fragen
Ihre Resultats-Entwicklung
Sie haben dieses Quiz noch nicht gespielt